| 000 | 00000nam##2200000za#4500 |
| 001 | 9.687796 |
| 003 | CaOODSP |
| 005 | 20241203113636 |
| 007 | cr ||||||||||| |
| 008 | 150407|2005||||xxc|||||o f|0| 0 eng|d |
| 020 | |a0-662-41665-1 |
| 040 | |aCaOODSP|beng |
| 043 | |an-cn--- |
| 086 | 1 |aEn84-26/2005E-PDF |
| 110 | 1 |aCanada. |bEnvironment Canada. |
| 245 | 10|aConsultations on the CEPA New Substances Notification Regulations and New Substances Program (chemicals and polymers portion) : |h[electronic resource]|bfinal report on progress - implementing the consultation recommendations for the period October 2003 to June 2005 / |cco-published by: Health Canada. |
| 260 | |aOttawa - Ontario : |bEnvironment Canada |cSeptember 2005. |
| 300 | |a32p.|btables |
| 500 | |aThe catalogue number (En84-26/2005) and ISBN (0-662-69321-3) for the bilingual print edition have been incorrectly copied in this electronic publication. |
| 590 | |a12-41-Supp|b2012-11-07 |
| 690 | 07|aChemicals|2gcpds |
| 690 | 07|aDangerous products|2gcpds |
| 690 | 07|aRisk management|2gcpds |
| 690 | 07|aToxic substances|2gcpds |
| 775 | 08|tConsultations au sujet du Règlement sur les renseignements concernant les substances nouvelles de la LCPE et du Programme des substances nouvelles (produits chimiques et polymères) : |w(CaOODSP)9.632236 |
| 856 | 40|ahttp://publications.gc.ca|qPDF|s552 KB|uhttps://publications.gc.ca/collections/collection_2012/ec/En84-26-2005-eng.pdf |
| 986 | |aEPS M-702 |